O svojbytnosti a súnaležitosti

Bibliographic Details
Main Author: Farkašová, Etela, 1943- (Author)
Format: Article
Language:Slovak
PhysicalDescription:Fotogr.
ISSN:0862-5999
Subjects:

MARC

LEADER 00000nab a2200000 a 4500
001 vtls000759021
003 SK-MaSNL
005 20260305011100.0
008 140422c2001 xo 0 slo
015 |a SNBRB2001/06-17593 
035 |a CLN000110808 
040 |a SNKBUCL  |b slo  |c SNKBUCL  |e AACR2 
041 0 |a slo 
044 |a xo  |c SK 
080 |a 82.09:885.4-4(048)  |2 1997 
080 |a 885.4-4(048)  |2 1997 
100 1 |a Farkašová, Etela,  |d 1943-  |4 aut  |9 100186 
245 1 0 |a O svojbytnosti a súnaležitosti  |c Etela Farkašová 
300 |b Fotogr. 
650 0 7 |a eseje, slovenské  |x recenzie  |2 snkbucl  |9 853000 
655 7 |a články z novín a časopisov  |2 snkbucl  |9 267496 
773 0 |t Literárny týždenník  |g Roč. 14, č. 4 (2001), s. 3  |x 0862-5999 
787 0 8 |i Rec.:  |a Podracká, Dana, 1954-  |t Bytostné stretnutie  |d [Bratislava] : SILENTIUM, 2000  |z 8096827537 
850 |a Slovenská národná knižnica v Martine 
852 |a SNK  |b KIS3GCP 
958 |a SK 
958 |a LX 
958 |a RC 
992 |a RBX 
999 |c 3250656  |d 3252586